=LDR 00000nam 2200000 4500 =001 INLIS000000000021450 =005 20130612120318 =008 ***********************************Ind** =035 ##$$0010-061300000021450 =041 ##$$a Ind =082 ##$$a 658.404 =090 ##$$a 658.404, Pok p =100 ##$$a SISWOJO =245 ##$$a Pokok-Pokok Project Management Pert =260 ##$$a 21 cm $b Jakarta =300 ##$$a 114 hlm, Ilus, 21 cm =650 ##$$a Manajemen Proyek =850 ##$$a NBPNMAT